| 000 | 00705nam a22002417a 4500 | ||
|---|---|---|---|
| 003 | dpl | ||
| 005 | 20180622150654.0 | ||
| 008 | 080820t xxu||||| |||| 00| 0 eng d | ||
| 010 | _aA-991565 | ||
| 020 |
_a8176481432 _c00:00 |
||
| 035 | _aA-991565 | ||
| 037 | _bBPPD/PUD | ||
| 040 | _c0 | ||
| 082 | _a658.15 | ||
| 100 | _aMeera Sing | ||
| 245 |
_aFinancial Management And Accounting _cby Meera Singh |
||
| 250 | _a0 | ||
| 260 |
_aNew Delhi _bA.P.H Publishing Corporation _c2000 |
||
| 270 |
_a5, Ansari Road, Darya Ganj _bDelhi _cNew Delhi _e110002 _k3274050 |
||
| 300 |
_aviii, 277p. _c24 cm (Pbk) |
||
| 700 | _aH.K. Singh | ||
| 942 |
_adpl _cEN _k658.15 / MEE _2ddc _h658.1511 _mMEE |
||
| 999 |
_c152986 _d152986 |
||